000 01611cam a2200397 i 4500
999 _c64825
_d64825
001 51750969
003 OCoLC
005 20190222150154.0
008 110810s2012 enk g b 001 0 eng d
020 _a9780567236555
020 _a0567236552
020 _a9780567171771 (pbk.)
020 _a0567171779 (pbk.)
040 _aUKMGB
_bspa
_cCO-MdFUSB
_dYDXCP
_dLNT
_dBTCTA
_dOXF
_dBWX
_dUtOrBLW
_erda
041 _aeng
082 _224
_aG 227.9
_bL815i
100 1 _aLockett, Darian R.
_eautor
245 0 3 _aAn introduction to the Catholic Epistles
_c/ Darian Lockett.
264 1 _aLondon ;
_bT & T Clark,
_c℗[2012]
264 4 _c©2012
300 _ax, 150 páginas ;
_c22 cm.
336 _2rdacontent
_atexto
_btxt
337 _2rdamedia
_asin mediación
_bn
338 _2rdacarrier
_avolumen
_bnc
490 1 _aT & T Clark approaches to biblical studies.
501 _aIncluye índices (páginas 143- 150)
504 _aBibloiografía (páginas 137- 142)
505 0 _aIntroducción: Epístolas católicas: ¿una voz o muchas? -- Santiago en historia y tradición -- Nuevas perspectivas en Santiago -- 1 Pedro en historia y tradición -- Nuevas perspectivas en 1 Pedro -- Judas / 2 Pedro en historia y tradición -- Nuevas perspectivas en Judas -- Nuevas perspectivas en 2 de Pedro -- El contexto canónico de la colección de la Epístola Católica.
630 0 7 _aBiblia.
_pSantiago
630 0 7 _aBiblia.
_pPedro, 1ª
630 0 7 _aBiblia.
_pPedro, 2ª
630 0 7 _aBiblia.
_pJudas
830 0 _aT & T Clark approaches to biblical studies.
942 _cBK